| 000 | 01474nam0a2200313 4500 | ||
|---|---|---|---|
| 001 | RU\NLR\bibl\47086 | ||
| 005 | 20260407041924.0 | ||
| 010 |
_a5-8057-0038-7 _91000 |
||
| 021 |
_aRU _b99-24183 _91175 |
||
| 035 | _a(NLR Aleph) 000045931 | ||
| 090 |
_a243315 _c243315 |
||
| 100 | _a19990914d1999 |||y0rusy50 ca | ||
| 101 | 0 | _arus | |
| 102 | _aRU | ||
| 105 | _ay ||||||||| | ||
| 200 | 1 |
_aУпрощенная система налогообложения, учета и отчетности для субъектов малого предпринимательства - юридических лиц _e[Сб. нормат. документов] _fЕкатеринбург. ассоц. малого бизнеса |
|
| 210 |
_aЕкатеринбург _cИзд-во АМБ _d1999 |
||
| 215 |
_a40 с. _d21 |
||
| 225 | 1 | _aЭкспресс | |
| 606 | 0 |
_aПредпринимательство малое _jИнструкции _xНалоговое обложение _92112345 _3RU\NLR\auth\661276497 |
|
| 606 | 0 |
_aПредпринимательство малое _jИнструкции _xБухгалтерский учет _92112346 _3RU\NLR\auth\661276498 |
|
| 686 | _aУ052.9(2)226я8 | ||
| 712 | 0 | 2 |
_4570 _aЕкатеринбургская ассоциация малого бизнеса _3RU\NLR\AUTH\8810014079 _9526056 |
| 801 | 0 |
_aRU _bNLR _c19990914 _gPSBO |
|
| 801 | 1 |
_aRU _bNLR _c19990914 |
|
| 852 |
_aNLR _j99-4/5890 |
||
| 942 | _cBOOK | ||
| 980 | _aNB | ||